Statistics for APFA / NFL Champions

Click here to take the quiz!

General Stats

  • This quiz has been taken 9 times
  • The average score is 54 of 99

Answer Stats

YearTeam% Correct
'12Baltimore Ravens
100%
'15Denver Broncos
100%
'10Green Bay Packers
100%
'19Kansas City Chiefs
100%
'16New England Patriots
100%
'14New England Patriots
100%
'18New England Patriots
100%
'09New Orleans Saints
100%
'11New York Giants
100%
'17Philadelphia Eagles
100%
'08Pittsburgh Steelers
100%
'05Pittsburgh Steelers
100%
'13Seattle Seahawks
100%
2000Baltimore Ravens
80%
'85Chicago Bears
80%
'95Dallas Cowboys
80%
'71Dallas Cowboys
80%
'77Dallas Cowboys
80%
'92Dallas Cowboys
80%
'93Dallas Cowboys
80%
'97Denver Broncos
80%
'98Denver Broncos
80%
'66Green Bay Packers
80%
'67Green Bay Packers
80%
'96Green Bay Packers
80%
'69Kansas City Chiefs
80%
'72Miami Dolphins
80%
'73Miami Dolphins
80%
'01New England Patriots
80%
'03New England Patriots
80%
'04New England Patriots
80%
'07New York Giants
80%
'68New York Jets
80%
'75Pittsburgh Steelers
80%
'74Pittsburgh Steelers
80%
'79Pittsburgh Steelers
80%
'84San Francisco 49ers
80%
'81San Francisco 49ers
80%
'94San Francisco 49ers
80%
'88San Francisco 49ers
80%
'89San Francisco 49ers
80%
'99St.Louis Rams
80%
'02Tampa Bay Buccaneers
80%
'87Washington Redskins
80%
'91Washington Redskins
80%
'70Baltimore Colts
60%
'65Cleveland Browns
60%
'62Green Bay Packers
60%
'06Indianapolis Colts
60%
'83Los Angeles Raiders
60%
'90New York Giants
60%
'86New York Giants
60%
'76Oakland Raiders
60%
'80Oakland Raiders
60%
'78Pittsburgh Steelers
60%
'82Washington Redskins
60%
'45Chicago Bears
40%
'40Chicago Bears
40%
'39Chicago Bears
40%
'50Chicago Bears
40%
'42Chicago Bears
40%
'32Chicago Bears
40%
'33Chicago Bears
40%
'54Cleveland Browns
40%
'55Cleveland Browns
40%
'57Detroit Lions
40%
'52Detroit Lions
40%
'51Detroit Lions
40%
'35Detroit Lions
40%
'43Green Bay Packers
40%
'31Green Bay Packers
40%
'36Green Bay Packers
40%
'30Green Bay Packers
40%
'29Green Bay Packers
40%
'63Green Bay Packers
40%
1920Akron Pros
20%
'64Chicago Bears
20%
'38New York Giants
20%
'27New York Giants
20%
'34New York Giants
20%
'56New York Giants
20%
'59Baltimore Colts
0%
'58Baltimore Colts
0%
'22Canton Bulldogs
0%
'23Canton Bulldogs
0%
'25Chicago Cardinals
0%
'46Chicago Cardinals
0%
1921Chicago Staleys
0%
'24Cleveland Bulldogs
0%
'44Cleveland Rams
0%
'26Frankford Yellow Jackets
0%
'49Los Angeles Rams
0%
'60Philadelphia Eagles
0%
'61Philadelphia Eagles
0%
'48Philadelphia Eagles
0%
'47Philadelphia Eagles
0%
'28Providence Steam Roller
0%
'41Washington Redskins
0%
'37Washington Redskins
0%

Score Distribution

Percentile by Number Answered

Percent of People with Each Score

Your Score History

You have not taken this quiz